| 000 | 01041nam a22003017a 4500 | ||
|---|---|---|---|
| 001 | 5312 | ||
| 003 | FISKH | ||
| 005 | 20241125162839.0 | ||
| 008 | 241125b cb ||||| |||| 00| 0 eng d | ||
| 020 | _a9780439891004 | ||
| 040 |
_aFISKH _beng _cFISKH _dFISKH |
||
| 050 | _aPZ7.B82816 | ||
| 082 | _a940 | ||
| 100 | _aBruchac, Joseph | ||
| 245 |
_aCode Talker / _cby Joseph Bruchac |
||
| 250 | _aFirst Scholastic printing , September 2006 | ||
| 260 |
_aNew York : _bScholastic ; _c2005. |
||
| 300 |
_a230 pages : _billustrations ; _c20 cm . |
||
| 505 | _aZ | ||
| 520 | _aAfter being taught in a boarding school run by whites that Navajo is a useless language, Ned Begay and other Navajo men are recruited by the Marines to become Code Talkers, sending messages during World War II in their native tongue. | ||
| 521 | 8 |
_a910
_bLexile |
|
| 521 | 8 |
_aZ
_bRaz-Plus |
|
| 650 |
_aNative Americans _vFiction |
||
| 650 |
_aMarines _vFiction |
||
| 700 |
_aRubero , Jasmin _edesigner |
||
| 942 |
_2ddc _cBK _n0 |
||
| 999 |
_c5312 _d5312 |
||